[Event "Oberliga Nord O 0910"]
[Site "Germany"]
[Date "2010.02.28"]
[Round "7.8"]
[White "Schwekendiek, Ulrich"]
[Black "Luetje, Juergen"]
[Result "0-1"]
[WhiteElo "2275"]
[BlackElo "2151"]
[PlyCount "67"]
[EventDate "2009.10.18"]
[EventType "team-tourn"]
[EventRounds "9"]
[EventCountry "GER"]
[SourceTitle "EXT 2011"]
[Source "ChessBase"]
[SourceDate "2010.11.26"]
[SourceVersion "1"]
[SourceVersionDate "2010.11.26"]
[SourceQuality "1"]
[WhiteTeam "Pankow Rotation"]
[BlackTeam "Eberswalde"]
[WhiteTeamCountry "GER"]
[BlackTeamCountry "GER"]

1. e4 c5 2. Nf3 e6 3. d4 cxd4 4. Nxd4 Bc5 5. Nb3 Bb6 6. Nc3 Ne7 7. Bc4 0-0 8. Bf4 f5 9. Bd6 fxe4 10. Nxe4 Nf5 11. Bxf8 Qxf8 12. 0-0 d5 13. Bxd5 exd5 14. Qxd5+ Kh8 15. c4 Nc6 16. c5 Bc7 17. Rfe1 Nce7 18. Qd3 Ng6 19. Rad1 Nfh4 20. Nd6 Bg4 21. Rd2 Nxg2 22. Re4 N2f4 23. Qe3 h6 24. Qg3 Bd7 25. Rdd4 Nh3+ 26. Kf1 Ng5 27. Re3 Bb5+ 28. Ke1 Bc6 29. Nd2 Qf6 30. Rg4 Rf8 31. h4 Qxb2 32. Kf1 Qc1+ 33. Re1 Qxd2 34. hxg5 0-1

[Event "GER-chT Seniors 18th"]
[Site "Finsterbergen"]
[Date "2009.09.14"]
[Round "4"]
[White "Clemens, Christian"]
[Black "Luetje, Juergen"]
[Result "1-0"]
[WhiteElo "2290"]
[BlackElo "2151"]
[PlyCount "71"]
[EventDate "2009.09.12"]
[EventType "team-swiss"]
[EventRounds "7"]
[EventCountry "GER"]
[SourceTitle "CBM 132 Extra"]
[Source "ChessBase"]
[SourceDate "2009.11.03"]
[SourceVersion "1"]
[SourceVersionDate "2009.11.03"]
[SourceQuality "1"]

1. g3 e5 2. c4 Nc6 3. Bg2 g6 4. Nc3 Bg7 5. d3 d6 6. e3 Be6 7. Nge2 Qd7 8. h3 Nge7 9. Nd5 0-0 10. Rb1 Nd8 11. Nxe7+ Qxe7 12. Nc3 c6 13. Bd2 Qd7 14. Qa4 f5 15. 0-0 Rf7 16. Rbd1 f4 17. exf4 exf4 18. Bxf4 Bxh3 19. Ne2 Bxg2 20. Kxg2 Qf5 21. f3 Ne6 22. Bxd6 Ng5 23. Nf4 Rd8 24. c5 Nxf3 25. Rxf3 g5 26. Qc4 gxf4 27. Rxf4 Qd5+ 28. Qxd5 cxd5 29. Rxf7 Kxf7 30. Re1 Rd7 31. b4 Bc3 32. Rh1 Kg6 33. b5 Rf7 34. Rc1 Ba5 35. Bb8 a6 36. c6 1-0

[Event "GER-chT Seniors 17th"]
[Site "Berlin"]
[Date "2008.09.04"]
[Round "5"]
[White "Luetje, Juergen"]
[Black "Boehm, Eckart"]
[Result "1-0"]
[WhiteElo "2153"]
[BlackElo "1926"]
[PlyCount "87"]
[EventDate "2008.08.31"]
[EventType "team-swiss"]
[EventRounds "7"]
[EventCountry "GER"]
[SourceTitle "CBM 126 Extra"]
[Source "ChessBase"]
[SourceDate "2008.11.05"]
[SourceVersion "1"]
[SourceVersionDate "2008.11.05"]
[SourceQuality "1"]

1. d4 Nf6 2. Nf3 e6 3. e3 b6 4. Bd3 Bb7 5. Nbd2 d5 6. 0-0 Be7 7. Ne5 0-0 8. f4 c5 9. c3 g6 10. Qf3 Nbd7 11. g4 Qc7 12. h4 Ne4 13. g5 f5 14. Qh3 Nxe5 15. fxe5 Rf7 16. Nf3 Qd7 17. Bd2 c4 18. Bc2 b5 19. Rad1 a5 20. Be1 Bc6 21. Bg3 b4 22. Ne1 Qb7 23. Bxe4 dxe4 24. Qh2 Bd5 25. Ng2 bxc3 26. bxc3 Qb2 27. Nf4 Qxc3 28. Bf2 Qa3 29. Rb1 c3 30. Nxd5 exd5 31. Rb3 Qxa2 32. Rxc3 Bb4 33. Rc6 Re7 34. h5 Rg7 35. hxg6 hxg6 36. Qh6 Bf8 37. Rxg6 Raa7 38. Rxg7+ Rxg7 39. Qe6+ Kh8 40. Qxf5 Be7 41. g6 Qc4 42. Qh3+ Kg8 43. Qe6+ Kh8 44. Kg2 1-0

[Event "GER-chT Seniors 17th"]
[Site "Berlin"]
[Date "2008.09.02"]
[Round "3"]
[White "Welz, Peter"]
[Black "Luetje, Juergen"]
[Result "0-1"]
[WhiteElo "2169"]
[BlackElo "2153"]
[PlyCount "136"]
[EventDate "2008.08.31"]
[EventType "team-swiss"]
[EventRounds "7"]
[EventCountry "GER"]
[SourceTitle "CBM 126 Extra"]
[Source "ChessBase"]
[SourceDate "2008.11.05"]
[SourceVersion "1"]
[SourceVersionDate "2008.11.05"]
[SourceQuality "1"]

1. e4 c5 2. Nc3 Nc6 3. g3 g6 4. Bg2 Bg7 5. d3 d6 6. Be3 e6 7. Qd2 Nd4 8. Nce2 Nxe2 9. Nxe2 Ne7 10. c3 0-0 11. Bh6 f5 12. h4 Rf7 13. Bxg7 Rxg7 14. h5 Rb8 15. hxg6 hxg6 16. 0-0-0 Bd7 17. Rh2 e5 18. d4 cxd4 19. cxd4 Be6 20. Kb1 Qb6 21. dxe5 dxe5 22. f4 Nc6 23. Nc3 Rd8 24. Nd5 Bxd5 25. exd5 Rgd7 26. fxe5 Nxe5 27. Qh6 Qf6 28. Qf4 Ng4 29. Rh4 Qd6 30. Qd4 Rg7 31. Rdh1 Kf7 32. Qxa7 Rd7 33. Rh8 Kf6 34. Qd4+ Qe5 35. Rf8+ Rgf7 36. Rxf7+ Rxf7 37. Qb6+ Kg7 38. d6 Qxg3 39. Bxb7 Qd3+ 40. Ka1 Ne3 41. a3 Rd7 42. Rc1 Rxd6 43. Qc7+ Kf6 44. Qc8 Kg7 45. Ka2 f4 46. Rc7+ Kf6 47. Qh8+ Kg5 48. Rc1 Nf5 49. Rg1+ Ng3 50. Qe5+ Kg4 51. Bc8+ Kf3 52. Qg5 Qc4+ 53. Ka1 Qxc8 54. Qe5 Qe6 55. Qc3+ Kg4 56. Re1 Qf5 57. Qc4 Rd2 58. Qc3 Qd5 59. Qc8+ Qd7 60. Qc3 Rd1+ 61. Rxd1 Qxd1+ 62. Ka2 Qd5+ 63. Ka1 f3 64. Qf6 g5 65. b4 Qd1+ 66. Kb2 Qe2+ 67. Kb3 f2 68. Qd4+ Kh3 0-1

[Event "EU-chT Seniors 10th"]
[Site "Dresden"]
[Date "2008.02.17"]
[Round "7.4"]
[White "Luetje, Juergen"]
[Black "Jaeger, Erich"]
[Result "1-0"]
[WhiteElo "2155"]
[BlackElo "2038"]
[PlyCount "75"]
[EventDate "2008.02.11"]
[EventType "team-swiss"]
[EventRounds "9"]
[EventCountry "GER"]
[SourceTitle "CBM 122 Extra"]
[Source "ChessBase"]
[SourceDate "2008.03.04"]
[SourceVersion "1"]
[SourceVersionDate "2008.03.04"]
[SourceQuality "1"]
[WhiteTeam "Brandenburg"]
[BlackTeam "Rheno Palatinat"]
[WhiteTeamCountry "GER"]
[BlackTeamCountry "GER"]

1. e4 c5 2. c3 Nf6 3. e5 Nd5 4. Nf3 e6 5. Bc4 Nb6 6. Bb3 d5 7. d4 Nc6 8. 0-0 Be7 9. dxc5 Nd7 10. Re1 Nxc5 11. Bc2 Qc7 12. Qe2 Nd7 13. a4 f5 14. exf6 Nxf6 15. Ng5 e5 16. Bxh7 Bg4 17. Bg6+ Kd7 18. Qd2 Rxh2 19. Kxh2 e4+ 20. g3 Rh8+ 21. Kg2 Ne5 22. Bxe4 Kc8 23. Bf3 Bxf3+ 24. Nxf3 Ne4 25. Qf4 Rf8 26. Qxe5 Qxe5 27. Nxe5 Rxf2+ 28. Kg1 Rf5 29. Nd3 Bd8 30. Bf4 g5 31. Be5 Rf3 32. Rd1 Bb6+ 33. Kg2 Re3 34. a5 Bc7 35. Bxc7 Kxc7 36. Na3 Rxg3+ 37. Kh2 g4 38. Ne5 1-0

[Event "EU-chT Seniors 10th"]
[Site "Dresden"]
[Date "2008.02.15"]
[Round "5.4"]
[White "Luetje, Juergen"]
[Black "Mueller, Rudolf"]
[Result "1/2-1/2"]
[WhiteElo "2155"]
[BlackElo "2210"]
[PlyCount "154"]
[EventDate "2008.02.11"]
[EventType "team-swiss"]
[EventRounds "9"]
[EventCountry "GER"]
[SourceTitle "CBM 122 Extra"]
[Source "ChessBase"]
[SourceDate "2008.03.04"]
[SourceVersion "1"]
[SourceVersionDate "2008.03.04"]
[SourceQuality "1"]
[WhiteTeam "Brandenburg"]
[BlackTeam "Baden"]
[WhiteTeamCountry "GER"]
[BlackTeamCountry "GER"]

1. d4 Nf6 2. Nf3 e6 3. e3 b6 4. Bd3 Bb7 5. Nbd2 d5 6. Ne5 c5 7. c3 Nbd7 8. f4 Ne4 9. Nxe4 dxe4 10. Bb5 Bc8 11. Bc6 Rb8 12. 0-0 Qc7 13. Bxe4 g6 14. Rf2 f5 15. Bc2 Nf6 16. c4 Bd6 17. b3 Bb7 18. Bb2 Bxe5 19. fxe5 Ng4 20. Re2 Rd8 21. Qf1 0-0 22. h3 Nh6 23. Rd1 g5 24. Red2 Qf7 25. dxc5 Rxd2 26. Rxd2 bxc5 27. Rd6 Ba8 28. Qd1 g4 29. Kh2 gxh3 30. gxh3 Qg6 31. Qg1 Ng4+ 32. Qxg4 fxg4 33. Bxg6 Rf2+ 34. Kg3 Rg2+ 35. Kh4 gxh3 36. Kxh3 Rxb2 37. Rd8+ Kg7 38. Rxa8 Kxg6 39. Rxa7 Re2 40. Kg4 Rxe3 41. Kf4 Rd3 42. Re7 Rd4+ 43. Ke3 Kf5 44. Rf7+ Kxe5 45. Rxh7 Rd1 46. Rh2 Rg1 47. Kd3 Rg3+ 48. Kc2 Kf4 49. Rf2+ Ke3 50. Rd2 Rg7 51. a3 Rc7 52. Rd6 e5 53. Kc3 e4 54. b4 Ra7 55. bxc5 Rxa3+ 56. Kb4 Rd3 57. Rd5 Rxd5 58. cxd5 Kf4 59. d6 e3 60. d7 e2 61. d8Q e1Q+ 62. Kb5 Qb1+ 63. Kc6 Qe4+ 64. Kc7 Qb4 65. Qd6+ Kf5 66. Qd5+ Kf6 67. c6 Qa4 68. Qd6+ Kf7 69. Qc5 Qb3 70. Qb6 Qd5 71. Kb8 Ke8 72. c7 Qe5 73. Qc6+ Ke7 74. Qc4 Qb2+ 75. Ka7 Qa1+ 76. Qa6 Qd4+ 77. Qb6 Qc3 1/2-1/2

[Event "EU-chT Seniors 09th"]
[Site "Dresden"]
[Date "2007.02.20"]
[Round "5"]
[White "Luetje, Juergen"]
[Black "Mueller, Siegmar"]
[Result "1-0"]
[WhiteElo "2141"]
[BlackElo "2035"]
[PlyCount "63"]
[EventDate "2007.02.16"]
[EventType "team-swiss"]
[EventRounds "9"]
[EventCountry "GER"]
[SourceTitle "CBM 117 Extra"]
[Source "ChessBase"]
[SourceDate "2007.05.09"]
[SourceVersion "1"]
[SourceVersionDate "2007.05.09"]
[SourceQuality "1"]

1. d4 b6 2. Nf3 Bb7 3. e3 e6 4. Bd3 Nf6 5. 0-0 c5 6. c3 Be7 7. Qe2 d5 8. Ne5 0-0 9. Nd2 Nbd7 10. f4 Ne4 11. Qf3 f5 12. g4 Nxe5 13. fxe5 Qe8 14. Be2 Qg6 15. Nxe4 dxe4 16. Qg3 Rf7 17. gxf5 Qxg3+ 18. hxg3 exf5 19. Bc4 g6 20. g4 Bc8 21. Bd2 Kg7 22. Bxf7 Kxf7 23. d5 Bg5 24. c4 Ke7 25. e6 Bf6 26. gxf5 Bxb2 27. Rab1 Bf6 28. fxg6 hxg6 29. Rxf6 Kxf6 30. Rf1+ Ke7 31. Rf7+ Ke8 32. d6 1-0

[Event "GER-chT Seniors 15th"]
[Site "Bad Blankenburg"]
[Date "2006.09.05"]
[Round "3.3"]
[White "Dietzsch, Herbert"]
[Black "Luetje, Juergen"]
[Result "1/2-1/2"]
[WhiteElo "2180"]
[BlackElo "2135"]
[PlyCount "37"]
[EventDate "2006.09.03"]
[EventType "team-swiss"]
[EventRounds "7"]
[EventCountry "GER"]
[SourceTitle "CBM 114 Extra"]
[Source "ChessBase"]
[SourceDate "2006.11.03"]
[SourceVersion "1"]
[SourceVersionDate "2006.11.03"]
[SourceQuality "1"]

1. e4 c5 2. Nf3 e6 3. d4 cxd4 4. Nxd4 Bc5 5. Nb3 Bb6 6. Bd3 Ne7 7. Qe2 0-0 8. Be3 Nbc6 9. Nc3 f5 10. Bxb6 Qxb6 11. exf5 Nxf5 12. 0-0 d5 13. Rfe1 Rf6 14. Rad1 a6 15. a3 Bd7 16. Na4 Qc7 17. Bxf5 Rxf5 18. Nac5 Re8 19. Nxd7 1/2-1/2

[Event "Rostock  PSV op 05th"]
[Site "Rostock"]
[Date "2005.08.25"]
[Round "1"]
[White "Ehlers, Michael2222"]
[Black "Luetje, Juergen"]
[Result "1/2-1/2"]
[WhiteElo "1626"]
[BlackElo "2135"]
[PlyCount "133"]
[EventDate "2005.08.25"]
[EventType "swiss"]
[EventRounds "7"]
[EventCountry "GER"]
[SourceTitle "EXT 2007"]
[Source "ChessBase"]
[SourceDate "2006.11.23"]
[SourceVersion "1"]
[SourceVersionDate "2006.11.23"]
[SourceQuality "1"]

1. e4 c5 2. f4 Nc6 3. Nf3 e6 4. c4 g6 5. Nc3 Bg7 6. e5 d6 7. exd6 Qxd6 8. d3 Nh6 9. Be2 0-0 10. 0-0 Rd8 11. Ne4 Qe7 12. Rb1 Nf5 13. b3 b6 14. Qd2 Bb7 15. Bb2 Nfd4 16. Nxd4 Nxd4 17. Ng5 Rd7 18. Nf3 Rad8 19. Nxd4 Bxd4+ 20. Kh1 Qh4 21. Bxd4 Rxd4 22. Qe3 Qf6 23. b4 cxb4 24. Rxb4 Qe7 25. a3 Bc6 26. Rfb1 Qd6 27. Rf1 f6 28. Qf2 Kg7 29. Kg1 Qc5 30. g3 R8d6 31. Rb3 h5 32. h3 h4 33. Kh2 hxg3+ 34. Qxg3 Rd8 35. Bg4 Qd6 36. Be2 Rh8 37. Rbb1 Rh6 38. a4 Bd7 39. a5 e5 40. f5 Rf4 41. axb6 axb6 42. Bg4 Rd4 43. Rb3 Rh8 44. Rfb1 Rb8 45. Ra1 Qc7 46. Rba3 Qd6 47. Rb3 Qc7 48. Ra6 b5 49. Qh4 g5 50. Qf2 bxc4 51. Rxb8 Qxb8 52. dxc4 e4+ 53. Kg2 Qe5 54. Ra3 Qc5 55. Ra2 Bc6 56. Kf1 Qxc4+ 57. Qe2 Qxe2+ 58. Kxe2 Rd3 59. Ra7+ Kf8 60. Ra6 Bb5 61. Rb6 Rb3+ 62. Kd2 Ke7 63. Kc2 Rb4 64. Kc3 Rb1 65. Re6+ Kf7 66. Rxe4 Bd7 67. Re3 1/2-1/2

[Event "EU-chT Seniors 07th"]
[Site "Dresden"]
[Date "2005.02.23"]
[Round "6"]
[White "Luetje, Juergen"]
[Black "Khmiadashvili, Tamari"]
[Result "0-1"]
[WhiteElo "2164"]
[BlackElo "2257"]
[PlyCount "84"]
[EventDate "2005.02.18"]
[EventType "team-swiss"]
[EventRounds "8"]
[EventCountry "GER"]
[SourceTitle "EXT 2006"]
[Source "ChessBase"]
[SourceDate "2005.11.24"]
[SourceVersion "1"]
[SourceVersionDate "2005.11.24"]
[SourceQuality "1"]

1. e4 c6 2. c4 d5 3. cxd5 cxd5 4. exd5 Nf6 5. Nc3 g6 6. Bb5+ Nbd7 7. d4 Bg7 8. Nf3 0-0 9. d6 exd6 10. 0-0 a6 11. Be2 b5 12. Bf4 Nb6 13. a3 Bb7 14. Rc1 Qd7 15. h3 Rfe8 16. Re1 Nfd5 17. Nxd5 Bxd5 18. Bd2 a5 19. b4 a4 20. Rc3 Bb3 21. Qa1 Bc4 22. Bxc4 Nxc4 23. Be3 h6 24. Qc1 Kh7 25. Qd1 Re7 26. Qd3 d5 27. Rcc1 Rae8 28. Kf1 Kg8 29. Bd2 Re4 30. Be3 Qe7 31. Bd2 f5 32. Qc3 g5 33. Rxe4 dxe4 34. Ne1 Qd6 35. Nc2 f4 36. Rd1 Qd5 37. Bc1 Rc8 38. Ke1 Nd6 39. Qb2 Qc4 40. Rd2 Nf5 41. Re2 Nxd4 42. Nxd4 Bxd4 0-1

[Event "EU-chT Seniors 07th"]
[Site "Dresden"]
[Date "2005.02.22"]
[Round "5"]
[White "Dominguez Rueda, Juan"]
[Black "Luetje, Juergen"]
[Result "1-0"]
[WhiteElo "2138"]
[BlackElo "2164"]
[PlyCount "46"]
[EventDate "2005.02.18"]
[EventType "team-swiss"]
[EventRounds "8"]
[EventCountry "GER"]
[SourceTitle "EXT 2006"]
[Source "ChessBase"]
[SourceDate "2005.11.24"]
[SourceVersion "1"]
[SourceVersionDate "2005.11.24"]
[SourceQuality "1"]

1. e4 c5 2. c3 d5 3. exd5 Qxd5 4. d4 Nf6 5. Nf3 e6 6. Bd3 cxd4 7. cxd4 Nc6 8. Nc3 Qd8 9. 0-0 a6 10. a3 b5 11. Bc2 Be7 12. Qd3 Ra7 13. Bg5 Rd7 14. Rad1 h6 15. Be3 Bb7 16. Qe2 Qc7 17. Ne4 Nxe4 18. Bxe4 Na5 19. Bb1 Bd5 20. Ne5 Rd8 21. Qh5 Bf6 22. Nxf7 Rf8 23. Rc1 Qb7 1-0

[Event "Wch Seniors 14th"]
[Site "Halle"]
[Date "2004.10.30"]
[Round "7"]
[White "Luetje, Juergen"]
[Black "Gruzmann, Boris"]
[Result "1/2-1/2"]
[WhiteElo "2140"]
[BlackElo "2283"]
[PlyCount "71"]
[EventDate "2004.10.24"]
[EventType "swiss"]
[EventRounds "11"]
[EventCountry "GER"]
[SourceTitle "EXT 2005"]
[Source "ChessBase"]
[SourceDate "2004.11.15"]
[SourceVersion "1"]
[SourceVersionDate "2004.11.15"]
[SourceQuality "1"]

1. Nf3 g6 2. c4 Bg7 3. Nc3 d6 4. g3 e5 5. d3 Nc6 6. Bg2 Nge7 7. 0-0 h6 8. Bd2 Be6 9. h3 Qd7 10. Kh2 0-0 11. e4 f5 12. Nd5 Rf7 13. Ng1 f4 14. g4 Nd4 15. Nxe7+ Qxe7 16. f3 h5 17. gxh5 gxh5 18. Ne2 Qg5 19. Be1 Bf6 20. Nxd4 exd4 21. Bf2 Rg7 22. Rg1 c6 23. Qd2 Qe5 24. Bh1 Bg5 25. h4 Bf6 26. Rxg7+ Kxg7 27. Bg2 Kh7 28. Rg1 Rg8 29. Bf1 Bg4 30. Be2 Bc8 31. Rxg8 Kxg8 32. Bf1 b5 33. b3 Kf7 34. Bh3 Bxh3 35. Kxh3 bxc4 36. bxc4 1/2-1/2

[Event "GER-chA Seniors 16th"]
[Site "Templin"]
[Date "2004.09.12"]
[Round "9"]
[White "Braun, Horst"]
[Black "Luetje, Juergen"]
[Result "0-1"]
[WhiteElo "1876"]
[BlackElo "2018"]
[PlyCount "78"]
[EventDate "2004.09.04"]
[EventType "swiss"]
[EventRounds "9"]
[EventCountry "GER"]
[SourceTitle "EXT 2005"]
[Source "ChessBase"]
[SourceDate "2004.11.15"]
[SourceVersion "1"]
[SourceVersionDate "2004.11.15"]
[SourceQuality "1"]

1. e4 c5 2. Nf3 e6 3. d4 cxd4 4. Nxd4 Bc5 5. c3 Ne7 6. Nd2 0-0 7. N2b3 Bb6 8. Bd3 Nbc6 9. 0-0 d5 10. Be3 Ne5 11. Bc2 Nc4 12. Bc1 f5 13. exd5 e5 14. Nf3 e4 15. Nfd4 Qxd5 16. Nd2 Nxd2 17. Bxd2 Qe5 18. Bc1 Bd7 19. Re1 h6 20. Bb3+ Kh7 21. Nf3 Qc7 22. Ng5+ Kg6 23. Ne6 Bxe6 24. Bxe6 Bxf2+ 25. Kxf2 Qb6+ 26. Be3 Qxe6 27. Bd4 Kh7 28. Qa4 Nc6 29. Rad1 Rfd8 30. b3 Rd7 31. Be3 Rad8 32. Rxd7 Qxd7 33. Re2 Qe7 34. g3 a6 35. Bd4 Qf7 36. Be3 Qh5 37. Ke1 Qf3 38. Bd4 Nxd4 39. cxd4 Qc3+ 0-1

[Event "GER-chA Seniors 16th"]
[Site "Templin"]
[Date "2004.09.10"]
[Round "7"]
[White "Schramm, Bernd"]
[Black "Luetje, Juergen"]
[Result "1-0"]
[WhiteElo "2001"]
[BlackElo "2018"]
[PlyCount "35"]
[EventDate "2004.09.04"]
[EventType "swiss"]
[EventRounds "9"]
[EventCountry "GER"]
[SourceTitle "EXT 2005"]
[Source "ChessBase"]
[SourceDate "2004.11.15"]
[SourceVersion "1"]
[SourceVersionDate "2004.11.15"]
[SourceQuality "1"]

1. e4 c5 2. Nf3 e6 3. c3 d5 4. e5 Nc6 5. d4 Bd7 6. Be2 Qb6 7. a3 Rc8 8. 0-0 c4 9. Nbd2 f6 10. exf6 Nxf6 11. Re1 Bd6 12. Bxc4 dxc4 13. Nxc4 Qc7 14. d5 Nd8 15. Nxd6+ Qxd6 16. dxe6 Qxd1 17. exd7+ Kxd7 18. Rxd1+ 1-0